Biblioteca y Centro de Documentación

Trabajando unidos para un cambio (Registro nro. 9452)

Detalles MARC
000 -CABECERA
Longitud fija campo de control 02164nam a2200517 c 4500
001 - NÚMERO DE CONTROL
Número de control 9452
003 - IDENTIFICADOR DE NÚMERO DE CONTROL
Identificador del número de control ES-MaCES
005 - FECHA Y HORA DE LA ÚLTIMA TRANSACCIÓN
Fecha y hora de la última transacción 20170201120441.0
008 - CAMPO FIJO DE DESCRIPCIÓN FIJA--INFORMACIÓN GENERAL
Códigos de información de longitud fija   991001s1999 mx t i000 | spa d
020 ## - ISBN (INTERNATIONAL STANDARD BOOK NUMBER)
Número Internacional Normalizado para Libros (ISBN) 9687462132
035 ## - NÚMERO DE CONTROL DEL SISTEMA
Número de control del sistema CES19990013958m
040 ## - FUENTE DE CATALOGACIÓN
Centro catalogador de origen ES-MaCES
Lengua de catalogación spa
Centro transcriptor ES-MaCES
041 1# - CÓDIGO DE IDIOMA
Código de lengua del texto;banda sonora o título independiente spa
Código de lengua original eng
100 1# - ENCABEZAMIENTO PRINCIPAL--NOMBRE PERSONAL
Nombre de persona Fiszbein, Ariel
9 (RLIN) 12156
245 10 - MENCIÓN DE TÍTULO
Título Trabajando unidos para un cambio
Resto del título : las alianzas público-privadas para la reducción de l a pobreza en América Latina y el Caribe
Mención de responsabilidad, etc. por, Ariel Fiszbein y Pamela Lowden ; trad. al castellano por Roberto Pizarro
246 3# - FORMA VARIANTE DEL TÍTULO
Título propio ; Título en breve Working together for a change : government, business, and civic partnerships for poverty reduction in Latin America and the Caribbean
260 ## - PUBLICACIÓN, DISTRIBUCIÓN, ETC (PIE DE IMPRENTA)
Lugar de publicación, distribución, etc. Mexico
Nombre del editor, distribuidor, etc. Mundi-Prensa
Lugar de publicación, distribución, etc. Washington, D.C.
Nombre del editor, distribuidor, etc. Banco Mundial
Fecha de publicación, distribución, etc. 1999
300 ## - DESCRIPCIÓN FÍSICA
Extensión V, 151 p.
Dimensiones 27 cm
490 1# - MENCIÓN DE SERIE
Mención de serie Materiales de aprendizaje del WBI
500 ## - NOTA GENERAL
Nota general Traducción de: Working together for a change, government, business, and civil partnerships for poverty reduction in Lantin America and the Caribbean
500 ## - NOTA GENERAL
Nota general En la cub., además: Instituto del Banco Mundial
504 ## - NOTA DE BIBLIOGRAFÍA, ETC.
Nota de bibliografía, etc. Bibliografía: p. 147-151
541 ## - NOTA DE LA FUENTE INMEDIANTE DE ADQUISICIÓN
Forma de adquisición Compra
650 #4 - ASIENTO SECUNDARIO DE MATERIA--TÉRMINO DE MATERIA
Término de materia o nombre geográfico como elemento inicial pobreza
9 (RLIN) 27112
650 #4 - ASIENTO SECUNDARIO DE MATERIA--TÉRMINO DE MATERIA
Término de materia o nombre geográfico como elemento inicial lucha contra la pobreza
9 (RLIN) 30648
650 #4 - ASIENTO SECUNDARIO DE MATERIA--TÉRMINO DE MATERIA
Término de materia o nombre geográfico como elemento inicial política de desarrollo
9 (RLIN) 27014
650 #4 - ASIENTO SECUNDARIO DE MATERIA--TÉRMINO DE MATERIA
Término de materia o nombre geográfico como elemento inicial fondo de inversión social
9 (RLIN) 30747
650 #4 - ASIENTO SECUNDARIO DE MATERIA--TÉRMINO DE MATERIA
Término de materia o nombre geográfico como elemento inicial combinación de sector público y privado
9 (RLIN) 30718
650 #4 - ASIENTO SECUNDARIO DE MATERIA--TÉRMINO DE MATERIA
Término de materia o nombre geográfico como elemento inicial empresa en participación
9 (RLIN) 29193
650 #4 - ASIENTO SECUNDARIO DE MATERIA--TÉRMINO DE MATERIA
Término de materia o nombre geográfico como elemento inicial organización no gubernamental
9 (RLIN) 26702
650 #4 - ASIENTO SECUNDARIO DE MATERIA--TÉRMINO DE MATERIA
Término de materia o nombre geográfico como elemento inicial participación social
9 (RLIN) 27284
650 #4 - ASIENTO SECUNDARIO DE MATERIA--TÉRMINO DE MATERIA
Término de materia o nombre geográfico como elemento inicial América Latina
9 (RLIN) 26882
650 #4 - ASIENTO SECUNDARIO DE MATERIA--TÉRMINO DE MATERIA
Término de materia o nombre geográfico como elemento inicial Caribe
9 (RLIN) 26861
650 #4 - ASIENTO SECUNDARIO DE MATERIA--TÉRMINO DE MATERIA
Término de materia o nombre geográfico como elemento inicial proyecto de desarrollo
9 (RLIN) 26655
650 #4 - ASIENTO SECUNDARIO DE MATERIA--TÉRMINO DE MATERIA
Término de materia o nombre geográfico como elemento inicial evaluación de proyectos
9 (RLIN) 26660
653 10 - TÉRMINO DE INDEXACIÓN--NO CONTROLADO
Término no controlado Cooperación al desarrollo
650 #4 - ASIENTO SECUNDARIO DE MATERIA--TÉRMINO DE MATERIA
9 (RLIN) 28078
Término de materia o nombre geográfico como elemento inicial ayuda estatal
700 1# - ENCABEZAMIENTO SECUNDARIO--NOMBRE PERSONAL
Nombre de persona Lowden, Pamela
9 (RLIN) 17081
700 1# - ENCABEZAMIENTO SECUNDARIO--NOMBRE PERSONAL
Nombre de persona Pizarro, Roberto
Término indicativo de función tr.
9 (RLIN) 21116
710 2# - ENCABEZAMIENTO SECUNDARIO--NOMBRE CORPORATIVO
Nombre de entidad o nombre de jurisdicción como elemento inicial Banco Mundial
Unidad subordinada Instituto de Desarrollo Económico
9 (RLIN) 1614
710 2# - ENCABEZAMIENTO SECUNDARIO--NOMBRE CORPORATIVO
9 (RLIN) 1604
Nombre de entidad o nombre de jurisdicción como elemento inicial Banco Mundial
Término indicativo de función ed.
830 #0 - ENCABEZAMIENTO SECUNDARIO DE COLECCIÓN--TÍTULO UNIFORME
Título uniforme Materiales de aprendizaje del WBI
9 (RLIN) 33356
902 ## - CES. TIPO DE DOCUMENTO
Tipodoc (006$c Sirtex) LIB Libro
942 ## - ELEMENTOS KOHA
Fuente de clasificaión o esquema Clasificación propia del CES
Koha [por defecto] tipo de item Monografías
Parte de clasificación 1.2.
Existencias
Número de registro Signatura completa Tipo de item de Koha
032241 DPT-10071 Monografías
© CES, Consejo Económico y Social de España 2021